000 01566cam a22004694i 4500
003 PE-LiUPU
005 20250731173517.0
008 150616s1982 cau r 000 0 eng d
020 _a0830716386
035 _a(Sirsi) i9780830716388
040 _aPE-LiUPU
_bspa
_cPE-LiUPU
_erda
049 _aPRUA
082 0 4 _a235.4
_bW15
_221
100 1 _aWagner, C. Peter,
_eautor.
_91201
245 1 0 _aBreaking Strongholds in your city.
264 1 _aVentura, California :
_bRegal Books,
_c1982.
300 _a240 páginas ;
_c21 centímetros
336 _atext
_2rdacontent
337 _aunmediated
_2rdamedia
338 _avolume
_2rdacarrier
490 1 _aThe Player Warrior
505 0 _aAn overview of spiritual mapping -- Practical steps toward community deliverance -- Mapping and discerning seattle, Washington.
526 _aSEG42
526 _aSEG41
526 _aSEG40
526 _aSEG39
526 _aP94
526 _aP87
526 _aP86
526 _aP85
526 _aP77
526 _aP76
526 _aP35
650 0 4 _aLUCHA ESPIRITUAL.
910 _ajck
_bjvq
_cjck
942 _2ddc
_cBOOK
949 _a235.4 W15
_wDEWEY
_c1
_i41774
_lCCODEBUL1
_mBUL
_r0
_sY
_tBOOK
_u2015-6-16
_xTEOLOGIA
_zUNKNOWN
_0COMPRA
_o.STAFF. Colección Teología
994 _aC0
_bPEPRU
596 _a1
999 _a235.4 W15
_wDEWEY
_c59439
_i41774
_f2021-11-10
_g5
_lCCODEBUL1
_mBUL
_p11.00
_r0
_sY
_tBOOK
_u2015-6-16
_xTEOLOGIA
_PP35
_0COMPRA
_o.STAFF. Colección Teología
_d59439
980 _81
_gALBERTO SANCHEZ Responsable de Automatización